| 000 | 00439nam a22001697a 4500 | ||
|---|---|---|---|
| 003 | CEME | ||
| 005 | 20210628203642.0 | ||
| 008 | 210317b xxu||||| |||| 00| 0 eng d | ||
| 020 | _a0-85226-190-X | ||
| 040 | _c. | ||
| 082 | _a621.3815287 DUB'T | ||
| 100 |
_aDubey, G. K , Doradla, S. R , Joshi, A _966715 |
||
| 245 | _aThyristorised power controlled | ||
| 260 |
_aNEW DELHI _bWILEY EASTERN _c1986 |
||
| 300 | _a825P | ||
| 942 |
_cBK _2ddc |
||
| 999 |
_c574633 _d574633 |
||